[Event "Hoogeveen op 27th"]
[Site "Hoogeveen"]
[Date "2024.10.31"]
[Round "7"]
[White "Gerrits, Augustin"]
[Black "Fehr, Axel"]
[Result "1-0"]
[WhiteElo "1939"]
[BlackElo "2021"]
[PlyCount "79"]
[EventDate "2024.10.26"]
[EventType "swiss"]
[EventRounds "9"]
[EventCountry "NED"]
[SourceTitle "CB45_2024"]
[Source "ChessBase"]
[SourceDate "2024.11.06"]
[SourceVersion "1"]
[SourceVersionDate "2024.11.06"]
[SourceQuality "1"]

1. e4 g6 2. d4 d6 3. Nc3 a6 4. a4 Bg7 5. Nf3 Bg4 6. Be2 Nc6 7. Be3 Nf6 8. 0-0 0-0 9. h3 Bxf3 10. Bxf3 e5 11. dxe5 dxe5 12. Be2 Nd4 13. Bd3 c6 14. a5 Nd7 15. Na4 Re8 16. c3 Ne6 17. Bc4 Bf8 18. Qc2 Nec5 19. Rfd1 Nxa4 20. Qxa4 Qc7 21. b4 b5 22. axb6 Nxb6 23. Qa5 Reb8 24. Bxa6 Be7 25. Qa2 c5 26. Qb2 Qc6 27. Bd3 cxb4 28. cxb4 Na4 29. Qc2 Qxc2 30. Bxc2 Rxb4 31. Rd7 Kf8 32. Bd2 Rc4 33. Bb3 Rxe4 34. Bd5 Rd4 35. Bxa8 Rxd7 36. Bh6+ Kg8 37. Rxa4 Rd1+ 38. Kh2 f5 39. Ra5 Bd6 40. Bd5+ 1-0